000 00706nam a2200241Ia 4500
003 OSt
005 20220923223731.0
006 a|||||r|||| 00| 0
007 ta
008 Pun
024 _a220,895
037 _cTextual
040 _aARTS
_cARTS
_bPun
041 _2Pun
_aPun
082 _aO153,1NPAx, N3
100 _aਨਨਕਾਣਵੀ, ਪਾਂਧੀ
_9156369
245 0 _aਕਾਸਦ ਗੁਲਗ਼ਾਰ
260 _aਦਿੱਲੀ
_b ਹਿਰਦੇF ਪਬਲੀਕੇFਨ
_c1993
300 _a247ਪੰ
_ccm.
650 _aਪੰਜਾਬੀ ਸਾਹਿਤ
942 _hO153,1NPAx, N3
_cTEXL
_2CC
999 _c367106
_d367106